Un espíritu que quiere enseñar al hombre de la tierra (Record no. 142520)

MARC details
000 -LEADER
campo de control de longitud fija 00561nam a2200169 i 4500
001 - NÚMERO DE CONTROL
campo de control 142520
003 - IDENTIFICADOR DE NÚMERO DE CONTROL
campo de control ES-MaACL
005 - FECHA Y HORA DE LA ÚLTIMA TRANSACCIÓN
campo de control 20230906200538.0
007 - CAMPO FIJO DE DESCRIPCIÓN FÍSICA--INFORMACIÓN GENERAL
campo de control de longitud fija t|
008 - DATOS DE LONGITUD FIJA--INFORMACIÓN GENERAL
campo de control de longitud fija 071005s1932 sp ||||1| spa d
100 1# - ENTRADA PRINCIPAL--NOMBRE DE PERSONA
Nombre de persona Vilanova, María.
9 (RLIN) 114777
245 13 - MENCIÓN DEL TÍTULO
Título Un espíritu que quiere enseñar al hombre de la tierra
Resto del título : año 1932 /
Mención de responsabilidad, etc. dictado por León Denis a María Vilanova del grupo "Amor y Vida".
260 ## - PUBLICACIÓN, DISTRIBUCIÓN, ETC.
Lugar de publicación, distribución, etc. Barcelona :
Nombre del editor, distribuidor, etc. [s.n.],
Fecha de publicación, distribución, etc. 1932 (
Fabricante Imp. Barcelona)
300 ## - DESCRIPCIÓN FÍSICA
Extensión 78 p. ;
Dimensiones 16 cm.
650 14 - PUNTO DE ACCESO ADICIONAL DE MATERIA--TÉRMINO DE MATERIA
Término de materia o nombre geográfico como elemento de entrada Espiritismo.
9 (RLIN) 12502
852 ## - LOCALIZACIÓN
Ubicación ES-MaACL
Número de control de estantería 1786-F-2
Holdings
Estatus retirado Estado de pérdida Estado de daño No para préstamo Colección Biblioteca de origen Biblioteca actual Ubicación en estantería Fecha de adquisición Fuente de adquisición Total de préstamos Signatura topográfica completa Código de barras Visto por última vez Precio de reemplazo Tipo de ítem Koha
        Colección de folletos Biblioteca del Ateneo de Madrid Biblioteca del Ateneo de Madrid Depósito folletos 17/01/2008     1786-F-2 1148290 23/02/2023 23/02/2023 Folleto